Name all Fortnite Battle pass Skins (up to Ch2 Remix - Statistics

General Stats
  • This quiz has been taken 70 times
    50 since last reset
  • The average score is 94 of 237
Answer Stats
Season Skin % Correct
Ch2 S2 Midas
93%
Ch1 S2 Black Knight
80%
Ch2 S4 Tony Stark
80%
Ch2 S2 Brutus
77%
Ch5 S4 Doom
77%
Ch2 S2 Meowscles
77%
Ch1 S8 Peely
77%
Ch2 S2 Skye
77%
Ch2 S2 Deadpool
73%
Ch1 S4 Omega
73%
Ch1 S1 Renegade Raider
73%
Ch2 S2 Tntina
73%
Ch2 S4 Wolverine
73%
Ch2 S4 Jennifer Walters
70%
Ch1 S5 Ragnarok
70%
Ch1 S5 Drift
67%
Ch5 Remix Meowdas
67%
Ch2 S4 Doctor Doom
63%
Ch5 S1 Hope
63%
Ch5 S3 Rust
63%
Ch2 S4 Thor
63%
Ch5 S2 Zeus
63%
Ch2 S2 Agent Peely
60%
Ch1 S2 Blue Squire
60%
Ch5 S4 Emma Frost
60%
Ch5 S4 Gwenpool
60%
Ch2 S4 Mystique
60%
Ch5 S1 Oscar
60%
Ch5 S4 Peelverine
60%
Ch5 S1 Peter Griffin
60%
Ch1 S3 The Reaper
60%
Ch5 S3 Wastelander Magneto
60%
Ch2 S1 8-Ball vs. Scratch
57%
Ch2 S6 Agent Jones
57%
Ch2 S3 Aquaman
57%
Ch5 S4 Captain Jonesy
57%
Ch1 S6 Dire
57%
Ch2 S4 Groot
57%
Ch5 S2 Hades
57%
Ch2 S3 Jules
57%
Ch2 S3 Ocean
57%
Ch1 S2 Sparkle Specialist
57%
Ch3 S1 Spider-Man
57%
Ch5 S1 Valeria
57%
Ch1 S4 Zoey
57%
Ch1 S6 Calamity
53%
Ch2 S3 Kit
53%
Ch5 S1 Montague
53%
Ch5 S4 Mysterio
53%
Ch2 S7 Rick Sanchez
53%
Ch1 S7 The Ice King
53%
Ch5 S4 War Machine
53%
Ch1 S1 Aerial Assault Trooper
50%
Ch5 S2 Aphrodite
50%
Ch1 S4 Carbide
50%
Ch1 S3 Dark Voyager
50%
Ch2 S8 Kor
50%
Ch2 S6 Lara Croft
50%
Ch1 S7 Lynx
50%
Ch2 S5 Mandalorian
50%
Ch5 S4 Shuri
50%
Ch2 S4 Storm
50%
Ch5 Remix 1-Ball
47%
Ch2 S2 Gear Specialist Maya
47%
Ch4 S4 Khaby Lame
47%
Ch5 S2 Korra
47%
Ch5 S3 Megalo Don
47%
Ch1 S3 Rust Lord
47%
Ch3 S4 Spider-Gwen
47%
Ch1 S4 Teknique
47%
Ch1 S4 The Visitor
47%
Ch5 S2 Artemis
43%
Ch2 S7 Doctor Slone
43%
Ch1 S6 Giddy-Up
43%
Ch5 S2 Medusa
43%
Ch5 S1 Nisha
43%
Ch4 OG Omegarok
43%
Ch4 OG Renegade Lynx
43%
Ch1 S2 Royale Knight
43%
Ch2 S3 Scuba Jonesy
43%
Ch1 S5 Sun Strider
43%
Ch2 S7 Superman
43%
Ch1 SX X-Lord
43%
Ch4 S4 Ahsoka Tano
40%
Ch1 S6 A.I.M.
40%
Ch2 S8 Carnage
40%
Ch5 S2 Cerberus
40%
Ch3 S3 Darth Vader
40%
Ch2 S3 Fade
40%
Ch4 S4 Fish Thicc
40%
Ch2 S5 Mancake
40%
Ch2 S6 Neymar Jr.
40%
Ch5 S3 Peabody
40%
Ch5 S2 Poseidon
40%
Ch2 S6 Rebirth Raven
40%
Ch1 S5 Sledgehammer
40%
Ch5 S1 Solid Snake
40%
Ch4 OG Spectra Knight
40%
Ch2 S7 Sunny
40%
Ch3 S1 The Foundation
40%
Ch1 SX The Scientist
40%
Ch1 S7 Trog
40%
Ch1 SX Ultima Knight
40%
Ch5 S3 Brite Raider
37%
Ch1 S9 Bunker Jonesy
37%
Ch2 S1 Cameo vs. Chic
37%
Ch5 Remix Chaos Director
37%
Ch2 S8 Cube Queen
37%
Ch1 S6 DJ Yonder
37%
Ch1 S3 Elite Agent
37%
Ch2 S3 Eternal Knight
37%
Ch1 SX Eternal Voyager
37%
Ch2 S8 Fabio Sparklemane
37%
Ch1 S5 Huntress
37%
Ch4 S4 Kado Thorne
37%
Ch1 S3 Mission Specialist
37%
Ch4 S3 Optimus Prime
37%
Ch3 S4 Paradigm (Reality-659)
37%
Ch2 S5 Predator
37%
Ch2 S6 Raz
37%
Ch2 S1 Remedy vs. Toxin
37%
Ch5 S3 Ringmaster Scarr
37%
Ch1 S5 Rook
37%
Ch1 S9 Rox
37%
Ch5 S3 The Machinist
37%
Ch1 S7 The Prisoner
37%
Ch2 S8 Toona Fish
37%
Ch1 S4 Valor
37%
Ch1 S4 Battlehawk
33%
Ch3 S2 Doctor Strange
33%
Ch1 S6 Dusk
33%
Ch5 Remix Dynamo Tntina
33%
Ch1 S8 Ember
33%
Ch1 S5 Enforcer
33%
Ch1 S6 Fable
33%
Ch2 S7 Guggimon
33%
Ch3 S2 Gunnar
33%
Ch2 S5 Lexa
33%
Ch4 OG Lil' Split
33%
Ch1 S8 Luxe
33%
Ch1 S3 Moonwalker
33%
Ch2 S1 Rippley vs. Sludge
33%
Ch1 SX Sparkle Supreme
33%
Ch2 S6 Spire Assassin
33%
Ch1 S4 Squad Leader
33%
Ch5 S3 T-60 Power Armor
33%
Ch2 S1 Turk vs. Riptide
33%
Ch5 Remix Undercover Skye
33%
Ch1 S7 Zenith
33%
Ch2 S7 Zyg
33%
Ch2 S6 Cluck
30%
Ch4 S1 Doom Slayer
30%
Ch2 S1 Fusion
30%
Ch3 S1 Gumbo
30%
Ch3 S3 Indiana Jones
30%
Ch2 S7 Kymera
30%
Ch4 S3 Lorenzo
30%
Ch2 S5 Menace
30%
Ch3 S4 Meow Skulls
30%
Ch4 S4 Nolan Chance
30%
Ch1 S7 Onesie
30%
Ch4 S4 Piper Pace
30%
Ch1 S7 Powder
30%
Ch3 S2 Prowler
30%
Ch4 S2 Renzo the Destroyer
30%
Ch1 S8 Ruin
30%
Ch1 S9 Sentinel
30%
Ch1 S7 Sgt. Winter
30%
Ch1 S9 Singularity
30%
Ch2 S1 Sorana
30%
Ch1 SX Tilted Teknique
30%
Ch1 S9 Vega
30%
Ch1 S9 Vendetta
30%
Ch5 S1 Vengeance Jonesy
30%
Ch4 S4 Antonia
27%
Ch1 S8 Blackheart
27%
Ch3 S4 Bytes
27%
Ch1 SX Catalyst
27%
Ch1 S9 Demi
27%
Ch3 S3 Evie
27%
Ch4 S1 Geralt of Rivia
27%
Ch3 S4 Grriz
27%
Ch1 S8 Hybrid
27%
Ch2 S7 Joey
27%
Ch2 S1 Journey vs. Hazard
27%
Ch4 S4 Mae
27%
Ch1 S8 Master Key
27%
Ch2 S5 Mave
27%
Ch1 S6 Nightshade
27%
Ch1 S5 Redline
27%
Ch2 S5 Reese
27%
Ch4 S2 River Empress Mizuki
27%
Ch3 S1 Shanta
27%
Ch3 S2 The Origin
27%
Ch1 SX Y0ND3R
27%
Ch2 S8 Charlotte
23%
Ch4 S3 Era
23%
Ch3 S1 Haven
23%
Ch4 S1 Helsie
23%
Ch4 S2 Highwire
23%
Ch2 S8 J. B. Chimpanski
23%
Ch2 S5 Kondor
23%
Ch3 S1 Lt. John Llama
23%
Ch3 S3 Malik
23%
Ch1 S8 Sidewinder
23%
Ch2 S3 Siona
23%
Ch3 S3 Snap
23%
Ch1 S9 Stratus
23%
Ch2 S6 Tarana
23%
Ch4 S1 The Ageless
23%
Ch3 S4 The Herald
23%
Ch3 S2 The Imagined
23%
Ch4 S2 Thunder
23%
Ch2 S8 Torin
23%
Ch4 S3 Trace
23%
Ch3 S4 Twyn
23%
Ch3 S3 Adira
20%
Ch3 S2 Erisa
20%
Ch3 S1 Harlowe
20%
Ch4 S2 Imani
20%
Ch3 S2 Kiara K.O.
20%
Ch4 S2 Mystica
20%
Ch4 S1 Nezumi
20%
Ch4 S3 Purradise Meowscles
20%
Ch4 S3 Relik
20%
Ch4 S3 Rian
20%
Ch4 S2 Stray
20%
Ch3 S2 Tsuki 2.0
20%
Ch4 S1 Dusty
17%
Ch3 S4 Lennox Rose
17%
Ch4 S3 Mariposa
17%
Ch4 S1 Massai
17%
Ch3 S1 Ronin
17%
Ch3 S3 Sabina
17%
Ch4 S1 Selene
17%
Ch3 S3 Stormfarer
17%
Ch4 S2 Eren Jaeger
13%
No matching quizzes found
Score Distribution
Percent of People with Each Score
Percentile by Number Answered
Your Score History
You have not taken this quiz since the last reset